Los católicos y la educación
Guardat en:
| Autor corporatiu: | |
|---|---|
| Format: | Llibre |
| Idioma: | espanyol |
| Publicat: |
Santiago
Comisión Episcopal de Educación
1967
|
| Matèries: | |
| Etiquetes: |
Afegir etiqueta
Sense etiquetes, Sigues el primer a etiquetar aquest registre!
|
MARC
| LEADER | 00000nam a2200000 a 4500 | ||
|---|---|---|---|
| 001 | UCL3033 | ||
| 003 | CL-VaPUC | ||
| 008 | 031114e19670000CL |||||||||||||||||spa|d | ||
| 082 | 0 | 4 | |a 268 |b CON |2 21 |
| 110 | 2 | |a Comisión Episcopal de Educación |e author |9 480255 | |
| 245 | 1 | 4 | |a Los católicos y la educación |
| 300 | |a 95 p | ||
| 942 | |c BK | ||
| 945 | |d 20031114 00:00:00 |a vberengu | ||
| 260 | |a Santiago |b Comisión Episcopal de Educación |c 1967 | ||
| 650 | 0 | |a Educación |9 258661 | |
| 650 | 0 | |a Educación religiosa |9 308312 | |
| 650 | 0 | |a Catolicismo |9 258690 | |
| 650 | 7 | |a HOMBRE |2 CL-VaPUC |9 262149 | |
| 650 | 0 | |a Sociedad |9 307903 | |
| 650 | 0 | |a Cristianismo |9 257361 | |
| 650 | 0 | |a Familias |9 255641 | |
| 650 | 0 | |a Estado y educación |9 311264 | |
| 650 | 7 | |a IGLESIA Y EDUCACION |2 CL-VaPUC |9 307850 | |
| 650 | 0 | |a Docentes |9 311365 | |
| 650 | 0 | |a Escuelas |9 308582 | |
| 650 | 0 | |a Universidades |9 256317 | |
| 650 | 0 | |a Educación de adultos |9 307580 | |
| 650 | 0 | |a Medios de comunicación |9 257206 | |
| 651 | 7 | |a CHILE |2 CL-VaPUC |9 480256 | |
| 583 | |a last modification |c 20031114 00:00:00 |k Rodrigo Vera | ||
| 999 | |c 306169 |d 306167 | ||
| 952 | |0 0 |1 0 |4 0 |6 268_000000000000000_CON_1967 |7 0 |8 A |9 370953 |a BIBTEO |b BIBTEO |d 2019-11-21 |i 2092026 |o 268 CON 1967 |p 2092026 |r 2025-01-17 |w 2019-11-21 |y BK |k ICR | ||
| 952 | |0 0 |1 0 |4 0 |6 268_000000000000000_CON_1967 |7 0 |8 A |9 370954 |a BIBTEO |b BIBTEO |d 2019-11-21 |i 2092034 |o 268 CON 1967 |p 2092034 |r 2025-01-17 |w 2019-11-21 |y BK |k ICR | ||
| 952 | |0 0 |1 0 |4 0 |6 268_000000000000000_CON_1967 |7 0 |8 A |9 370955 |a BIBTEO |b BIBTEO |d 2019-11-21 |i 2092042 |o 268 CON 1967 |p 2092042 |r 2025-01-17 |w 2019-11-21 |y BK |k ICR | ||
| 952 | |0 0 |1 0 |4 0 |6 268_000000000000000_CON_1967 |7 0 |8 A |9 370956 |a BIBTEO |b BIBTEO |d 2019-11-21 |i 3146839 |o 268 CON 1967 |p 3146839 |r 2025-01-17 |w 2019-11-21 |y BK |k ICR | ||
| 952 | |0 0 |1 0 |4 0 |6 268_000000000000000_CON_1967 |7 0 |8 A |9 370957 |a BIBTEO |b BIBTEO |d 2019-11-21 |i 4245822 |o 268 CON 1967 |p 4245822 |r 2025-01-17 |w 2019-11-21 |y BK |k ICR | ||